000 00491nam a2200181Ia 4500
001 13510
005 20260306164806.0
008 260306t2001||||xx |||||||||||||| ||spa||
041 _aESP
082 _a004.6
_bG22
100 _aGarcía Tomás, Jesús
_eAUT
245 0 _aRedes para proceso distribuido:
_bárea local, arquitecturas, rendimiento, banda ancha
260 _c2001
300 _axxxv, 763 páginas :
_c23 cm.
650 _aGEN
654 _aCCC
942 _cLIB
_dJUS
_fJUS
_2ddc
_n
999 _c13510
_d13510